[Event "12sen.WM-H Naumburg"]
[Site "Naumburg/Saale(20.10.-03.11.)"]
[Date "2002.10.22"]
[Round "2"]
[White "Hoehne, Peter[38Wedd]"]
[Black "Till, Heinz"]
[Result "1-0"]
[WhiteElo "1767"]
[BlackElo "1389"]
[PlyCount "85"]
[EventDate "2002.11.??"]

1. e4 e5 2. Nf3 d6 3. Bc4 Bg4 4. d3 Nf6 5. Nc3 c6 6. Bg5 Be7 7. h3 Bh5 8. Qe2
h6 9. Bh4 Nbd7 10. Nd1 Nb6 11. Bb3 Nfd7 12. Bxe7 Qxe7 13. c3 Nc5 14. Bc2 O-O
15. Ne3 Ne6 16. Nf5 Qf6 17. g4 Nf4 18. Qf1 Bg6 19. O-O-O Bxf5 20. exf5 a5 21.
h4 h5 22. gxh5 Nxh5 23. d4 Qh6+ 24. Kb1 exd4 25. Rxd4 d5 26. Ne5 c5 27. Rg4
Rfe8 28. Nf3 Nd7 29. Ng5 Ne5 30. Rgg1 c4 31. Qd1 Nf6 32. Qd4 a4 33. a3 Re7 34.
Re1 Rae8 35. Qf4 Ng6 36. Qd2 Ne5 37. f3 Nc6 38. Rxe7 Rxe7 39. Bxa4 Ne5 40. Qf4
Nd3 41. Qb8+ Ne8 42. Bxe8 g6 43. Bxf7+ 1-0

[Event "12sen.WM-H Naumburg"]
[Site "Naumburg/Saale(20.10.-03.11.)"]
[Date "2002.10.22"]
[Round "2"]
[White "Jahr, Dieter"]
[Black "Dombrowski, Heinz_Guenter"]
[Result "1-0"]
[WhiteElo "2045"]
[BlackElo "1727"]
[PlyCount "50"]
[EventDate "2002.11.??"]

1. c4 e6 2. d4 f5 3. Nc3 d5 4. e3 Nf6 5. Nf3 c6 6. Bd2 Bd6 7. c5 Bc7 8. b4 a6
9. a4 Nbd7 10. b5 axb5 11. axb5 Rxa1 12. Qxa1 Ne4 13. b6 Bb8 14. g3 O-O 15. Bg2
g5 16. Bc1 Qf6 17. O-O Qh6 18. Ne1 Ndf6 19. f4 Qg7 20. Nxe4 fxe4 21. Qa8 Nd7
22. Qa4 h5 23. Qd1 Nf6 24. fxg5 Qxg5 25. Bh3 h4 1-0

[Event "12sen.WM-H Naumburg"]
[Site "Naumburg/Saale(20.10.-03.11.)"]
[Date "2002.10.22"]
[Round "2"]
[White "Joch, Horst"]
[Black "Scheide, Helmut"]
[Result "1/2-1/2"]
[WhiteElo "1654"]
[BlackElo "2014"]
[PlyCount "72"]
[EventDate "2002.11.??"]

1. e4 e5 2. Nf3 Nc6 3. Bc4 Nf6 4. Ng5 d5 5. exd5 Na5 6. Bb5+ c6 7. dxc6 bxc6 8.
Bd3 Nd5 9. Ne4 Nf4 10. Bf1 f5 11. Nec3 Bc5 12. d3 Ng6 13. Qe2 O-O 14. Be3 Bd4
15. Na4 Re8 16. c3 Bxe3 17. Qxe3 e4 18. d4 f4 19. Qe2 e3 20. f3 Be6 21. Na3 Nb7
22. b3 c5 23. Nc2 Qh4+ 24. Kd1 Rac8 25. Kc1 Red8 26. Kb2 Qf6 27. Rd1 cxd4 28.
Nxd4 Bd7 29. Nb5 a6 30. Rxd7 Rxd7 31. Nd4 Rxd4 32. cxd4 Qxd4+ 33. Kb1 Ne5 34.
Nb2 Nc5 35. Qd1 Qc3 36. Be2 h6 1/2-1/2

[Event "12sen.WM-H Naumburg"]
[Site "Naumburg/Saale(20.10.-03.11.)"]
[Date "2002.10.22"]
[Round "2"]
[White "Kaiser, Hans[35BGladb]"]
[Black "Lundberg, Gunnar"]
[Result "1/2-1/2"]
[WhiteElo "1639"]
[BlackElo "1972"]
[PlyCount "57"]
[EventDate "2002.11.??"]

1. e4 e5 2. Nf3 Nc6 3. Nc3 Nf6 4. Bb5 Bc5 5. Nxe5 Nxe5 6. d4 Bd6 7. dxe5 Bxe5
8. O-O O-O 9. Re1 c6 10. Bd3 d5 11. exd5 Bxc3 12. bxc3 Qxd5 13. c4 Qh5 14. Qxh5
Nxh5 15. Ba3 Rd8 16. g3 Be6 17. Re5 g6 18. Rb1 b6 19. Bc1 Ng7 20. Be3 f6 21.
Re4 c5 22. Bd2 Bf5 23. Re3 Bxd3 24. cxd3 Nf5 25. Rf3 Kf7 26. Bc3 Nd4 27. Bxd4
Rxd4 28. Kf1 Re8 29. a4 1/2-1/2

[Event "12sen.WM-H Naumburg"]
[Site "Naumburg/Saale(20.10.-03.11.)"]
[Date "2002.10.22"]
[Round "2"]
[White "Karol, Wolfgang"]
[Black "Bakalarczyk, Wlodimierz"]
[Result "0-1"]
[WhiteElo "1630"]
[BlackElo "1952"]
[PlyCount "120"]
[EventDate "2002.11.??"]

1. d4 Nf6 2. c4 g6 3. Nc3 Bg7 4. e4 d6 5. Be2 O-O 6. Be3 Na6 7. Nf3 c5 8. dxc5
Qa5 9. O-O Nxc5 10. Qc2 Bd7 11. Nd4 a6 12. Rab1 Qc7 13. Rfc1 Ng4 14. Nd5 Qd8
15. Bxg4 Bxg4 16. f3 Bd7 17. Qd2 Re8 18. Bg5 Ne6 19. Be3 Bc6 20. Rc2 Nxd4 21.
Bxd4 Bxd5 22. Bxg7 Bxe4 23. fxe4 Kxg7 24. Kh1 Qb6 25. Rc3 Rac8 26. Rh3 h5 27.
Rxh5 Rh8 28. Rxh8 Rxh8 29. b3 Qc5 30. Qf4 f6 31. Rd1 Qh5 32. Re1 Qa5 33. Qf2
Qe5 34. g3 Rh5 35. Kg2 Qe6 36. Kg1 Re5 37. Qf3 f5 38. Kf2 fxe4 39. Qe3 Qh3 40.
Kg1 Qd7 41. Qd4 Qf5 42. Qb6 Re6 43. Qxb7 e3 44. Rf1 e2 45. Re1 Qc5+ 46. Kg2 Qe3
47. Qf3 Qd2 48. Qf2 Re5 49. a4 a5 50. h3 e6 51. Qa7+ Kh6 52. Qf2 Kg7 53. g4 g5
54. Kg3 Re3+ 55. Kg2 Qd3 56. h4 Qe4+ 57. Kg1 Qxg4+ 58. Qg2 Rg3 59. Rxe2 Rxg2+
60. Rxg2 Qd4+ 0-1

[Event "12sen.WM-H Naumburg"]
[Site "Naumburg/Saale(20.10.-03.11.)"]
[Date "2002.10.22"]
[Round "2"]
[White "Keze, Arnis"]
[Black "Theuermeister, Peter"]
[Result "1-0"]
[WhiteElo "2046"]
[BlackElo "1728"]
[PlyCount "83"]
[EventDate "2002.11.??"]

1. d4 Nf6 2. Nf3 g6 3. c4 Bg7 4. Nc3 d5 5. cxd5 Nxd5 6. e4 Nxc3 7. bxc3 c5 8.
Be3 Nc6 9. e5 Qa5 10. Qd2 O-O 11. Be2 Bg4 12. Rd1 Rfd8 13. O-O Bxf3 14. Bxf3
Nxe5 15. Bxb7 Rab8 16. Be4 Nc4 17. Qe2 Nxe3 18. fxe3 Qxc3 19. Qf3 Rf8 20. Rc1
Qa3 21. dxc5 Bh6 22. Rfe1 e6 23. c6 Rfc8 24. c7 Rb6 25. Kh1 Qe7 26. Qg3 f5 27.
Bf3 e5 28. h4 Rxc7 29. Bd5+ Kh8 30. h5 g5 31. Qf3 Rf6 32. Rxc7 Qxc7 33. e4 g4
34. Qe2 Kg7 35. exf5 Rxf5 36. Qb5 Qc8 37. Be4 Rxh5+ 38. Kg1 Bf4 39. g3 Bxg3 40.
Rf1 Bf4 41. Rxf4 exf4 42. Qxh5 1-0

[Event "12sen.WM-H Naumburg"]
[Site "Naumburg/Saale(20.10.-03.11.)"]
[Date "2002.10.22"]
[Round "2"]
[White "Khanukov, Boris"]
[Black "Kelchner, Hans"]
[Result "1-0"]
[WhiteElo "2370"]
[BlackElo "2149"]
[PlyCount "99"]
[EventDate "2002.11.??"]

1. d4 d5 2. c4 e6 3. Nc3 c5 4. cxd5 exd5 5. Nf3 Nc6 6. g3 Nf6 7. Bg2 Be7 8. O-O
c4 9. b3 Bb4 10. Bd2 Qa5 11. Qc2 b5 12. a3 Bxc3 13. Bxc3 Qc7 14. Nd2 O-O 15. e4
Be6 16. e5 Ng4 17. bxc4 bxc4 18. h3 Nh6 19. g4 f5 20. exf6 gxf6 21. Rae1 Qd7
22. f4 Rae8 23. Nf3 Bf7 24. f5 Kh8 25. Qd2 Ng8 26. Qf4 Rxe1 27. Rxe1 Re8 28. g5
Bh5 29. Ne5 fxg5 30. Qxg5 Nxe5 31. dxe5 d4 32. Bb4 a5 33. Bc5 Rc8 34. e6 Qg7
35. Qxg7+ Kxg7 36. Bxd4+ Nf6 37. Rb1 Rc7 38. Be5 Ra7 39. Bf1 Bf3 40. Bxc4 Be4
41. Re1 Bxf5 42. Rf1 Kg6 43. Bxf6 Kxf6 44. Bd3 Rg7+ 45. Kh2 Kxe6 46. Bxf5+ Ke5
47. Bg4 Rg5 48. Kg3 Ke4 49. Rf4+ Ke3 50. Rf5 1-0

[Event "12sen.WM-H Naumburg"]
[Site "Naumburg/Saale(20.10.-03.11.)"]
[Date "2002.10.22"]
[Round "2"]
[White "Klebaner, Yakov"]
[Black "Fabritius, Herbert"]
[Result "1/2-1/2"]
[WhiteElo "2041"]
[BlackElo "1708"]
[PlyCount "63"]
[EventDate "2002.11.??"]

1. e4 e6 2. d3 d5 3. Nd2 Nf6 4. g3 b6 5. Bg2 Bb7 6. e5 Nfd7 7. Ngf3 Be7 8. O-O
c5 9. Re1 Nc6 10. c3 Qc7 11. Qe2 h6 12. Nf1 Ba6 13. h4 O-O-O 14. h5 Rdg8 15. g4
g6 16. Ng3 gxh5 17. gxh5 Qd8 18. c4 d4 19. Bd2 Bb7 20. a3 Na5 21. Bxa5 bxa5 22.
Ne4 Rg7 23. Kh1 Rhg8 24. Rg1 Rg4 25. Rae1 Bxe4 26. dxe4 Nxe5 27. Bh3 Rxg1+ 28.
Rxg1 Rxg1+ 29. Kxg1 d3 30. Qd1 Nxf3+ 31. Qxf3 d2 32. Qd1 1/2-1/2

[Event "12sen.WM-H Naumburg"]
[Site "Naumburg/Saale(20.10.-03.11.)"]
[Date "2002.10.22"]
[Round "2"]
[White "Klempt, Guenter"]
[Black "Krieger, Hermann"]
[Result "0-1"]
[WhiteElo "2069"]
[BlackElo "2237"]
[PlyCount "70"]
[EventDate "2002.11.??"]

1. d4 f5 2. c4 g6 3. Nc3 Nf6 4. Bg5 Bg7 5. e3 O-O 6. Bxf6 Bxf6 7. g3 d6 8. Bg2
c6 9. Nge2 Na6 10. O-O e5 11. d5 c5 12. f4 e4 13. a3 Qe7 14. Rb1 Bd7 15. Kh1
Rac8 16. Qd2 b6 17. Rbe1 h6 18. Kg1 Be8 19. Kf2 Bg7 20. Rh1 Nb8 21. Reg1 Nd7
22. g4 Qh4+ 23. Ng3 g5 24. gxf5 gxf4 25. Bxe4 fxg3+ 26. hxg3 Qg5 27. Ke2 Ne5
28. b3 Bh5+ 29. g4 Bxg4+ 30. Ke1 Rce8 31. Rg3 h5 32. Qf2 Nd7 33. Rxg4 hxg4 34.
Qh2 Qxe3+ 35. Ne2 Nf6 0-1

[Event "12sen.WM-H Naumburg"]
[Site "Naumburg/Saale(20.10.-03.11.)"]
[Date "2002.10.22"]
[Round "2"]
[White "Klose, Hans_Peter"]
[Black "Jaeger, Erich[30Neust]"]
[Result "0-1"]
[WhiteElo "1547"]
[BlackElo "1837"]
[PlyCount "118"]
[EventDate "2002.11.??"]

1. d4 Nf6 2. c4 g6 3. Nc3 Bg7 4. Nf3 O-O 5. e3 d6 6. Be2 Nfd7 7. O-O e5 8. Qc2
f5 9. dxe5 dxe5 10. Rd1 Qe8 11. Nd5 Na6 12. Rb1 c6 13. Nc3 Nc7 14. b4 Nf6 15.
Bb2 h6 16. b5 e4 17. Ne1 c5 18. Nd5 Ncxd5 19. cxd5 b6 20. d6 Bd7 21. Rd2 g5 22.
Bc4+ Kh8 23. Rbd1 Qg6 24. f3 exf3 25. Nxf3 Ng4 26. Re1 Rfe8 27. Rde2 Qxd6 28.
Bxg7+ Kxg7 29. Qc3+ Qf6 30. Qxf6+ Nxf6 31. Nd2 Re7 32. e4 f4 33. e5 Ng4 34. e6
Bc8 35. Bb3 Ne3 36. Nc4 Nxc4 37. Bxc4 Bb7 38. Re5 Rd8 39. Rf5 Rf8 40. Rxf8 Kxf8
41. Re5 Kg7 42. Rf5 Bc8 43. Rf7+ Rxf7 44. exf7 Bg4 45. Kf2 Bh5 46. g3 fxg3+ 47.
hxg3 Bxf7 48. Bb3 c4 49. Bc2 c3 50. Ke3 Bxa2 51. Kd4 h5 52. Kxc3 Kf6 53. Kd4 h4
54. g4 h3 55. Bd3 h2 56. Be4 Be6 57. Bb7 Bd7 58. Kc4 Bxg4 59. Bd5 Be6 0-1

[Event "12sen.WM-H Naumburg"]
[Site "Naumburg/Saale(20.10.-03.11.)"]
[Date "2002.10.22"]
[Round "2"]
[White "Klovans, Janis"]
[Black "Blaushtein, Boris"]
[Result "1-0"]
[WhiteElo "2417"]
[BlackElo "2157"]
[PlyCount "65"]
[EventDate "2002.11.??"]

1. e4 c5 2. Nf3 d6 3. d4 cxd4 4. Nxd4 Nc6 5. Nc3 Nf6 6. Bg5 Bd7 7. Nb3 a6 8.
Qd2 b5 9. f3 Qb6 10. Be3 Qb7 11. a4 b4 12. Nd5 Be6 13. Nb6 Rb8 14. Qe2 Bxb3 15.
cxb3 Na5 16. Qxa6 Qxa6 17. Bxa6 Nxb3 18. Rd1 e5 19. Nc4 Be7 20. Bb5+ Kf8 21.
Nxd6 Bxd6 22. Rxd6 Ke7 23. Rd3 Nd4 24. Bxd4 exd4 25. Rxd4 Rhc8 26. O-O b3 27.
Rd3 Rc2 28. Rxb3 Rd8 29. Ra1 Rdd2 30. Bf1 Nd7 31. a5 Rxb2 32. Rxb2 Rxb2 33. a6
1-0

[Event "12sen.WM-H Naumburg"]
[Site "Naumburg/Saale(20.10.-03.11.)"]
[Date "2002.10.22"]
[Round "2"]
[White "Klundt, Klaus"]
[Black "Frauenfelder, Rudolf"]
[Result "1-0"]
[WhiteElo "2385"]
[BlackElo "2151"]
[PlyCount "123"]
[EventDate "2002.11.??"]

1. e4 c5 2. Nf3 Nc6 3. d4 cxd4 4. Nxd4 g6 5. Nc3 Bg7 6. Be3 Nf6 7. Bc4 Qa5 8.
O-O O-O 9. Bb3 d6 10. h3 Bd7 11. f4 Nxd4 12. Bxd4 Bc6 13. Qd3 Rad8 14. Rad1 Nd7
15. Bxg7 Kxg7 16. Nd5 Bxd5 17. Bxd5 Qc5+ 18. Kh1 b6 19. c3 a5 20. a4 Nf6 21.
Bb3 Rb8 22. Rfe1 Rfd8 23. Qf3 Nd7 24. e5 dxe5 25. Rd5 Qc7 26. fxe5 e6 27. Rd4
Nc5 28. Bc2 Qe7 29. Red1 Rxd4 30. cxd4 Nd7 31. Bd3 Nf8 32. Bc4 Kg8 33. b3 Nd7
34. Rf1 Nf8 35. Qc6 Qb7 36. d5 Qxc6 37. dxc6 Rc8 38. Bb5 Kg7 39. Rc1 Rc7 40.
Rd1 g5 41. Rd8 h6 42. Rb8 Ng6 43. Rb7 Rc8 44. c7 Nxe5 45. Ra7 Kf6 46. Ba6 Nc6
47. Bxc8 Nxa7 48. Bb7 Ke5 49. c8=Q Nxc8 50. Bxc8 Kd4 51. Ba6 f5 52. Bc8 Kd5 53.
Kg1 f4 54. Kf2 e5 55. Bb7+ Kd4 56. Kf3 Kc3 57. Ke4 Kxb3 58. Bc6 Kc3 59. Kxe5
Kd3 60. h4 Ke3 61. hxg5 hxg5 62. Kf5 1-0

[Event "12sen.WM-H Naumburg"]
[Site "Naumburg/Saale(20.10.-03.11.)"]
[Date "2002.10.22"]
[Round "2"]
[White "Knobling, Rolf"]
[Black "Hesselbarth, Karlheinz"]
[Result "1/2-1/2"]
[WhiteElo "1474"]
[BlackElo "1788"]
[PlyCount "141"]
[EventDate "2002.11.??"]

1. e4 e5 2. Bc4 Nc6 3. a3 Nf6 4. d3 Bc5 5. Nc3 d6 6. Be3 Bb6 7. Bxb6 axb6 8.
Nge2 O-O 9. O-O Be6 10. Qd2 Bxc4 11. dxc4 Na5 12. b3 Nd7 13. f4 exf4 14. Nxf4
Ne5 15. Qf2 c6 16. Qg3 Qe7 17. Nh5 f6 18. Ne2 Ng6 19. Qg4 Rae8 20. Nhg3 Ne5 21.
Qf4 g6 22. Rad1 Kg7 23. Nc3 Nf7 24. Qf2 Qe5 25. Qe3 Qc5 26. Qd4 Re5 27. Qxc5
bxc5 28. Rf2 Rfe8 29. Rdf1 R8e6 30. h4 Nh6 31. Rf4 b6 32. Nge2 Nb7 33. g4 Nd8
34. Kg2 Ndf7 35. Kh3 g5 36. R4f3 gxh4 37. Kxh4 Ng5 38. Rf4 Nhf7 39. Ng3 h6 40.
Nh5+ Kf8 41. Rxf6 Ke7 42. Rxe6+ Rxe6 43. Rf4 Ne5 44. Ng7 Ng6+ 45. Kg3 Nxf4 46.
Kxf4 Rf6+ 47. Nf5+ Kd7 48. Ne2 Nf7 49. Neg3 Ne5 50. g5 hxg5+ 51. Kxg5 Rf8 52.
Kf4 b5 53. cxb5 cxb5 54. Nh5 Ra8 55. Nf6+ Ke6 56. Nd5 Rxa3 57. Nc7+ Kd7 58.
Nxb5 Ra2 59. Ne3 Nc6 60. Nc3 Ra8 61. Ncd5 Rf8+ 62. Nf5 Nd4 63. Nde3 Kc6 64. Kg3
Nxf5+ 65. exf5 d5 66. Kf4 Kd6 67. Ng4 d4 68. Nf2 Kd5 69. Ne4 c4 70. Nd2 cxb3
71. cxb3 1/2-1/2

[Event "12sen.WM-H Naumburg"]
[Site "Naumburg/Saale(20.10.-03.11.)"]
[Date "2002.10.22"]
[Round "2"]
[White "Koerver, Erich"]
[Black "Bierbach, Utz_Friedrich"]
[Result "1-0"]
[WhiteElo "1723"]
[BlackElo "2043"]
[PlyCount "109"]
[EventDate "2002.11.??"]

1. e4 c5 2. Nf3 e6 3. c3 Nc6 4. Bb5 Qb6 5. Qa4 a6 6. Bxc6 bxc6 7. O-O d6 8. d3
Bd7 9. a3 e5 10. Nbd2 Nf6 11. b4 cxb4 12. axb4 Be7 13. Qa5 Qb8 14. Nc4 Bd8 15.
Qa3 Be7 16. Bg5 O-O 17. Be3 Bg4 18. Ncd2 d5 19. Bg5 Qd6 20. Bxf6 Qxf6 21. h3
Bxf3 22. Nxf3 a5 23. Qb2 axb4 24. cxb4 d4 25. b5 Rab8 26. b6 Rb7 27. Ra7 Rfb8
28. Rxb7 Rxb7 29. Ra1 Qd6 30. Ra8+ Bf8 31. Nd2 c5 32. Nc4 Qc6 33. Qa2 Rxb6 34.
Nxb6 Qxb6 35. Qa6 Qxa6 36. Rxa6 f6 37. Rc6 Kf7 38. g4 h6 39. Kg2 g5 40. Kg3 Be7
41. f3 Kf8 42. Kf2 Kf7 43. Kg3 Ke8 44. h4 Kd7 45. Ra6 Ke8 46. hxg5 hxg5 47. Kf2
Kd7 48. Ke2 Ke8 49. Kd2 Kf7 50. Kc2 Kf8 51. Kb3 Kf7 52. Kc4 Bf8 53. Kd5 Be7 54.
Ra7 Ke8 55. Ke6 1-0

[Event "12sen.WM-H Naumburg"]
[Site "Naumburg/Saale(20.10.-03.11.)"]
[Date "2002.10.22"]
[Round "2"]
[White "Kovacs, Les"]
[Black "Vogel, Alfred[37Soemm]"]
[Result "0-1"]
[WhiteElo "1600"]
[BlackElo "1916"]
[PlyCount "86"]
[EventDate "2002.11.??"]

1. Nf3 d5 2. d4 Bf5 3. Bf4 e6 4. e3 c6 5. Bd3 Bxd3 6. Qxd3 Qb6 7. O-O Qxb2 8.
Nbd2 Qb5 9. Rfb1 Qxd3 10. cxd3 b6 11. Ne5 f6 12. Nef3 Kd7 13. Nb3 Bd6 14. Bxd6
Kxd6 15. e4 Nd7 16. Re1 Nh6 17. e5+ Ke7 18. Rac1 Rac8 19. exf6+ gxf6 20. h3 Kd6
21. Re2 Rhe8 22. Rce1 Re7 23. a4 Nf5 24. g4 Ng7 25. Nh4 Rg8 26. Kh2 Nf8 27. f4
Ng6 28. Ng2 f5 29. g5 Nh5 30. Rf2 c5 31. dxc5+ bxc5 32. Rc1 Rc7 33. d4 cxd4 34.
Rxc7 Kxc7 35. Nxd4 Kd7 36. Ne2 Rc8 37. Ng3 Nxg3 38. Kxg3 Rc3+ 39. Rf3 Rc4 40.
Ra3 Kc6 41. h4 e5 42. fxe5 Nxe5 43. Ne3 f4+ 0-1

[Event "12sen.WM-H Naumburg"]
[Site "Naumburg/Saale(20.10.-03.11.)"]
[Date "2002.10.22"]
[Round "2"]
[White "Kraft, Gerhard"]
[Black "Mueller, Hartmut_Dieter"]
[Result "1-0"]
[WhiteElo "1819"]
[BlackElo "1505"]
[PlyCount "83"]
[EventDate "2002.11.??"]

1. e4 e6 2. d4 d5 3. Nd2 Nc6 4. c3 a6 5. a4 Bd7 6. Bd3 Be7 7. f4 dxe4 8. Nxe4
Nf6 9. Nxf6+ Bxf6 10. Nf3 g6 11. O-O Ne7 12. Ne5 Bxe5 13. fxe5 Nf5 14. g4 Ng7
15. Qf3 O-O 16. Bh6 Bc6 17. Qf6 Qxf6 18. exf6 Rfe8 19. fxg7 Re7 20. Rf6 Rd8 21.
Bc4 Bd5 22. b3 c6 23. Re1 Bxc4 24. bxc4 Rdd7 25. Re5 Rc7 26. Kf2 b5 27. axb5
cxb5 28. cxb5 axb5 29. Rxb5 Re8 30. Rb3 Rce7 31. c4 e5 32. d5 e4 33. Ke3 Rc7
34. Rb4 Ra7 35. Rfb6 Rae7 36. c5 f5 37. Rf6 Rf7 38. Rxf7 Kxf7 39. Rb7+ Kg8 40.
gxf5 gxf5 41. c6 Ra8 42. c7 1-0

[Event "12sen.WM-H Naumburg"]
[Site "Naumburg/Saale(20.10.-03.11.)"]
[Date "2002.10.22"]
[Round "2"]
[White "Kristiansen, Erling"]
[Black "Jaki, Ingo"]
[Result "1-0"]
[WhiteElo "2257"]
[BlackElo "2073"]
[PlyCount "81"]
[EventDate "2002.11.??"]

1. e4 d5 2. exd5 Qxd5 3. Nc3 Qa5 4. d4 Bf5 5. Nf3 e6 6. Ne5 Bb4 7. Bd2 c6 8.
Bc4 Nf6 9. a3 Bxc3 10. Bxc3 Qc7 11. O-O Nbd7 12. b4 Nd5 13. Bb2 Nxe5 14. dxe5
O-O-O 15. Qe2 h5 16. Bb3 g5 17. Rfd1 Nf4 18. Qe3 Qb6 19. Qxb6 axb6 20. Rd6 Nd5
21. Rd1 Ne7 22. Bd4 Bg4 23. f3 Bf5 24. Bxb6 Rxd6 25. exd6 Nd5 26. d7+ Kxd7 27.
c4 Ra8 28. cxd5 exd5 29. a4 Be6 30. a5 Ke7 31. Re1 f6 32. b5 Kf7 33. bxc6 bxc6
34. Rc1 Bd7 35. Ba4 Kg6 36. Kf2 f5 37. Rc5 Rc8 38. a6 Kf7 39. a7 Ke7 40. Bc7
Ra8 41. Bb8 1-0

[Event "12sen.WM-H Naumburg"]
[Site "Naumburg/Saale(20.10.-03.11.)"]
[Date "2002.10.22"]
[Round "2"]
[White "Krueger, Sigurd"]
[Black "Bodinger, Karl"]
[Result "1-0"]
[WhiteElo "1872"]
[BlackElo "1577"]
[PlyCount "82"]
[EventDate "2002.11.??"]

1. c4 Nf6 2. Nc3 e6 3. g3 d5 4. cxd5 exd5 5. Bg2 c6 6. d4 Be7 7. Nf3 O-O 8. O-O
Ne4 9. Qc2 f5 10. a3 Nd7 11. Nd2 Bg5 12. e3 Qe7 13. b4 Qd6 14. Nf3 Be7 15. Bb2
Bf6 16. Rac1 Nb6 17. Rfd1 Nc4 18. Qb3 Nxb2 19. Qxb2 a6 20. Na4 Bd8 21. Qb3 Bd7
22. Ne5 Be8 23. Bxe4 fxe4 24. Nc5 Qh6 25. Nxe4 Kh8 26. Nd2 Qh3 27. Nf1 Bh5 28.
Rd2 Rf3 29. Qc2 Bg5 30. Re1 Raf8 31. Qc3 Bh6 32. Qc5 g5 33. Qe7 R3f7 34. Qc5
Rf3 35. Qe7 R3f6 36. Qd7 Rf5 37. f3 Bg7 38. f4 Be8 39. Qxb7 gxf4 40. exf4 Bxe5
41. dxe5 Rg5 1-0

[Event "12sen.WM-H Naumburg"]
[Site "Naumburg/Saale(20.10.-03.11.)"]
[Date "2002.10.22"]
[Round "2"]
[White "Kudoke, Willy"]
[Black "Gurgenidze, Bukhuti"]
[Result "0-1"]
[WhiteElo "2024"]
[BlackElo "2198"]
[PlyCount "51"]
[EventDate "2002.11.??"]

1. c4 e5 2. Nc3 Bb4 3. Nf3 Bxc3 4. bxc3 Qe7 5. d3 d6 6. g3 f6 7. Bg2 Qf7 8. Nd2
Ne7 9. Rb1 Nbc6 10. O-O O-O 11. e4 Ng6 12. h3 Nd8 13. Qe2 c5 14. f3 Nc6 15. Rf2
f5 16. exf5 Bxf5 17. Ne4 Qd7 18. Kh2 Rae8 19. h4 h6 20. h5 Nh8 21. g4 Be6 22.
g5 hxg5 23. Nxg5 Ne7 24. h6 gxh6 25. Nxe6 Qxe6 26. Bh3 0-1

[Event "12sen.WM-H Naumburg"]
[Site "Naumburg/Saale(20.10.-03.11.)"]
[Date "2002.10.22"]
[Round "2"]
[White "Kuehn, Peter"]
[Black "Otto, Klaus"]
[Result "1/2-1/2"]
[WhiteElo "2008"]
[BlackElo "1652"]
[PlyCount "63"]
[EventDate "2002.11.??"]

1. e4 e6 2. d3 d5 3. Nd2 Nf6 4. Ngf3 dxe4 5. dxe4 Bc5 6. Be2 Nc6 7. c3 O-O 8.
O-O e5 9. Qc2 h6 10. b4 Bd6 11. b5 Na5 12. c4 c6 13. c5 Bc7 14. a4 Bg4 15. Bb2
Nd7 16. Rfd1 Qe7 17. Rac1 Rfd8 18. Nf1 Be6 19. N3d2 Rac8 20. Ne3 b6 21. Ba3
bxc5 22. Ndc4 Nxc4 23. Bxc4 Bxc4 24. Qxc4 cxb5 25. axb5 Bb6 26. Nf5 Qf8 27. Rd5
g6 28. Ne3 Kg7 29. Rcd1 Nf6 30. Rxd8 Rxd8 31. Rxd8 Qxd8 32. Bxc5 1/2-1/2

[Event "12sen.WM-H Naumburg"]
[Site "Naumburg/Saale(20.10.-03.11.)"]
[Date "2002.10.22"]
[Round "2"]
[White "Kuhnert, Werner"]
[Black "Werl, Wolfgang"]
[Result "1/2-1/2"]
[WhiteElo "2122"]
[BlackElo "2088"]
[PlyCount "28"]
[EventDate "2002.11.??"]

1. d4 d6 2. Nf3 Bg4 3. e3 Nf6 4. Nc3 e6 5. Be2 Be7 6. e4 c6 7. e5 dxe5 8. Nxe5
Bxe2 9. Nxe2 Nbd7 10. Nf3 O-O 11. O-O Bd6 12. Bf4 Qc7 13. Bxd6 Qxd6 14. c3 Rfd8
1/2-1/2

[Event "12sen.WM-H Naumburg"]
[Site "Naumburg/Saale(20.10.-03.11.)"]
[Date "2002.10.22"]
[Round "2"]
[White "Kummer, Heinz"]
[Black "Krischer, Ulrich"]
[Result "1/2-1/2"]
[WhiteElo "2051"]
[BlackElo "1730"]
[PlyCount "52"]
[EventDate "2002.11.??"]

1. e4 e5 2. Nf3 Nc6 3. Bc4 Bc5 4. c3 d6 5. d4 exd4 6. cxd4 Bb4+ 7. Nc3 Nf6 8.
O-O O-O 9. Bg5 h6 10. Bxf6 Qxf6 11. Nd5 Qd8 12. Qb3 Ba5 13. Rad1 a6 14. e5 b5
15. Bd3 dxe5 16. dxe5 Be6 17. Be4 Qc8 18. Qc2 Bxd5 19. Bxd5 Nb4 20. Qc5 Nxd5
21. Qxd5 Qe6 22. Qxe6 fxe6 23. Rd7 Rae8 24. Rfd1 Bb6 25. Kf1 Rf4 26. Rc1 Rf7
1/2-1/2

[Event "12sen.WM-H Naumburg"]
[Site "Naumburg/Saale(20.10.-03.11.)"]
[Date "2002.10.22"]
[Round "2"]
[White "Kunath, Werner"]
[Black "Lieb, Harald"]
[Result "0-1"]
[WhiteElo "2122"]
[BlackElo "2314"]
[PlyCount "74"]
[EventDate "2002.11.??"]

1. Nf3 Nf6 2. b3 g6 3. Bb2 Bg7 4. e3 O-O 5. Be2 d6 6. O-O e5 7. d3 Nc6 8. Nbd2
Ne8 9. d4 Qe7 10. d5 Nb8 11. e4 f5 12. c4 Nd7 13. Qc2 Nc5 14. b4 Nxe4 15. Nxe4
fxe4 16. Qxe4 Bf5 17. Qe3 Nf6 18. Rad1 Nh5 19. c5 Nf4 20. Bc4 Bh6 21. Kh1 Bg4
22. Nxe5 Bxd1 23. Rxd1 Qg5 24. g3 Qh5 25. Qf3 Nh3 26. Qxh5 Nxf2+ 27. Kg2 gxh5
28. Rf1 Ng4 29. Nxg4 hxg4 30. Re1 Bg7 31. Bxg7 Kxg7 32. Re4 h5 33. h3 Rae8 34.
Re6 Rxe6 35. dxe6 Kf6 36. hxg4 hxg4 37. Be2 Rg8 0-1

[Event "12sen.WM-H Naumburg"]
[Site "Naumburg/Saale(20.10.-03.11.)"]
[Date "2002.10.22"]
[Round "2"]
[White "Lainburg, Victor"]
[Black "Zotin, Vladimir"]
[Result "1-0"]
[WhiteElo "1730"]
[BlackElo "2058"]
[PlyCount "43"]
[EventDate "2002.11.??"]

1. Nf3 Nf6 2. b3 d6 3. d4 g6 4. Bb2 Bg7 5. g3 O-O 6. Bg2 c6 7. O-O Bf5 8. Nh4
Qd7 9. Nxf5 Qxf5 10. f3 d5 11. e4 dxe4 12. fxe4 Qd7 13. Qe2 e6 14. Nd2 h5 15.
e5 Ng4 16. Ne4 f5 17. exf6 Nxf6 18. Nc5 Qe7 19. Qxe6+ Qxe6 20. Nxe6 Rf7 21.
Nxg7 Kxg7 22. d5 1-0

[Event "12sen.WM-H Naumburg"]
[Site "Naumburg/Saale(20.10.-03.11.)"]
[Date "2002.10.22"]
[Round "2"]
[White "Lardot, Derik"]
[Black "Skjoenberg, Sverre"]
[Result "1-0"]
[WhiteElo "1916"]
[BlackElo "1544"]
[PlyCount "63"]
[EventDate "2002.11.??"]

1. e4 c6 2. d4 d5 3. e5 Bf5 4. Nf3 h6 5. Be2 e6 6. O-O Nd7 7. c4 dxc4 8. Bxc4
Nb6 9. Bb3 Ne7 10. Nc3 Ned5 11. Re1 Bb4 12. Bd2 O-O 13. a3 Be7 14. Ne4 Rc8 15.
Rc1 Bxe4 16. Rxe4 c5 17. Rg4 Kh8 18. dxc5 Bxc5 19. Bxh6 g6 20. Bxf8 Qxf8 21. h4
Qh6 22. Ng5 Qg7 23. Bc2 Kg8 24. Qe2 Rc6 25. Rd1 Nd7 26. Nf3 Qh6 27. h5 Nf8 28.
hxg6 fxg6 29. g3 Kf7 30. Kg2 Ne7 31. Ng5+ Ke8 32. Be4 1-0

[Event "12sen.WM-H Naumburg"]
[Site "Naumburg/Saale(20.10.-03.11.)"]
[Date "2002.10.22"]
[Round "2"]
[White "Limberg, Siegfried"]
[Black "Kraidman, Yair"]
[Result "0-1"]
[WhiteElo "2128"]
[BlackElo "2314"]
[PlyCount "78"]
[EventDate "2002.11.??"]

1. d4 Nf6 2. Nf3 g6 3. c4 Bg7 4. Nc3 d5 5. g3 O-O 6. cxd5 Nxd5 7. Bg2 c5 8.
Nxd5 Qxd5 9. dxc5 Qxc5 10. O-O Nc6 11. a3 Rd8 12. Qe1 Qc2 13. h3 Be6 14. Kh2
Rac8 15. a4 Bxb2 16. Bxb2 Qxb2 17. Rb1 Qa2 18. Rxb7 Bc4 19. Ng1 Qxa4 20. Bxc6
Rxc6 21. Rxe7 a6 22. f4 Qa3 23. Re4 Qc5 24. Qa1 Bd5 25. Rd4 Re8 26. Rfd1 Bb3
27. R1d2 a5 28. e4 a4 29. Rd8 Rc8 30. Rxe8+ Rxe8 31. Nf3 Qe3 32. Qf1 Rxe4 33.
Rd8+ Re8 34. Rxe8+ Qxe8 35. Ne5 f6 36. Ng4 Qc6 37. Qa1 Qc2+ 38. Kg1 Qd1+ 39.
Qxd1 Bxd1 0-1

[Event "12sen.WM-H Naumburg"]
[Site "Naumburg/Saale(20.10.-03.11.)"]
[Date "2002.10.22"]
[Round "2"]
[White "Littlewood, John_E"]
[Black "Reznikov, Emmanouil"]
[Result "1-0"]
[WhiteElo "2292"]
[BlackElo "2098"]
[PlyCount "69"]
[EventDate "2002.11.??"]

1. e4 e5 2. Nf3 Nc6 3. Bb5 a6 4. Ba4 d6 5. c3 Nf6 6. Qe2 b5 7. Bc2 Be7 8. a4 b4
9. a5 bxc3 10. dxc3 O-O 11. Nbd2 Bb7 12. Nf1 d5 13. exd5 Nxd5 14. Ng3 g6 15.
O-O Bf6 16. Rd1 Re8 17. Ne4 Be7 18. Bb3 Na7 19. c4 c6 20. cxd5 cxd5 21. Nc3 e4
22. Nd4 Bb4 23. f3 Bxa5 24. fxe4 Bxc3 25. bxc3 Rxe4 26. Qf3 Qb6 27. Rb1 Nb5 28.
Bc2 Ree8 29. Bf4 f5 30. Be3 Qc5 31. Nxf5 Qxc3 32. Nh6+ Kg7 33. Qf7+ Kh8 34.
Bd4+ Nxd4 35. Qf6# 1-0